[Event "2. Bundesliga West 2013/14"]
[Site "Salzburg"]
[Date "2014.01.18"]
[Round "7"]
[Board "2"]
[White "Panteleev, Petar"]
[Black "Novkovic, Milan"]
[Result "0-1"]
[WhiteElo "2306"]
[BlackElo "2381"]
[PlyCount "164"]
[EventDate "2013.10.18"]
[EventType "team"]
[EventRounds "11"]
[EventCountry "AUT"]
[WhiteTeam "Schwaz"]
[BlackTeam "Hohenems II"]

1.d4 d5 2.Nf3 Nf6 3.c4 e6 4.g3 dxc4 5.Bg2 Nc6 6.Qa4 Bd7 7.Qxc4 Na5 8.Qd3 c5 9.O-O
Bc6 10.Be3 cxd4 11.Bxd4 Be7 12.Nc3 O-O 13.Rfd1 Qd6 14.Ne5 Bxg2 15.Kxg2 Nc6 16.Nxc6
Qxc6+ 17.Qf3 Rfc8 18.Rac1 a6 19.a3 Qxf3+ 20.Kxf3 Rc6 21.Ne4 Nxe4 22.Kxe4 Rac8 23.Rxc6
Rxc6 24.Rd3 Kf8 25.Rc3 f5+ 26.Kf3 Rxc3+ 27.Bxc3 Kf7 28.e4 Bc5 29.exf5 exf5 30.h3 h5
31.h4 b5 32.Ke2 g6 33.f3 Ke6 34.Bg7 Kd5 35.Bh6 Kc4 36.Kd2 a5 37.Kc2 a4 38.Bf4 Bd4
39.Bc7 Bf6 40.Bf4 Be7 41.Be3 Bd6 42.Bf4 Bc5 43.Be5 Be3 44.Bf4 Bc5 45.Be5 Kd5 46.Bf4
Kd4 47.Kd2 Be7 48.Be3+ Kd5 49.Kc3 Bf6+ 50.Kc2 Bd8 51.Kc3 Bc7 52.Bf4 Ba5+ 53.Kd3 Bb6
54.Be3 Bd8 55.Bd2 Bf6 56.Bc3 Be7 57.Bd2 Bd6 58.Bf4 Bf8 59.Bd2 Bg7 60.Bc3 Bf8 61.Bd2
Be7 62.Be3 Bf6 63.Kc2 Kc4 64.Bd2 Bd4 65.Bc3 Be3 66.Be5 g5 67.hxg5 Bxg5 68.Bc7 Be3
69.Bb8 Bd4 70.Bd6 Kd5 71.Bc7 Bg7 72.Bf4 Kd4 73.Bd2 Kc4 74.Bf4 Bd4 75.Bd6 Be3 76.Be7
Bd4 77.Bd6 Kd5 78.Bc7 Be5 79.Bxe5 Kxe5 80.Kd3 Kf6 81.Kd4 f4 82.gxf4 h4 0-1

[Event "2. Bundesliga West 2013/14"]
[Site "Salzburg"]
[Date "2014.01.18"]
[Round "7"]
[Board "3"]
[White "Gaertner, Guntram"]
[Black "Fuchs, Georg"]
[Result "*"]
[WhiteElo "2280"]
[BlackElo "2230"]
[PlyCount "80"]
[EventDate "2013.10.18"]
[EventType "team"]
[EventRounds "11"]
[EventCountry "AUT"]
[WhiteTeam "Hohenems II"]
[BlackTeam "Schwaz"]

1.d4 Nf6 2.c4 e6 3.Nc3 c5 4.d5 exd5 5.cxd5 d6 6.e4 a6 7.a4 g6 8.h3 Bg7 9.Nf3 O-O 10.Bd3
Re8 11.O-O c4 12.Bc2 Nbd7 13.Re1 Nc5 14.Qe2 Bd7 15.Qxc4 Rc8 16.Qf1 Qb6 17.Nd2 Qc7
18.Kh2 b5 19.axb5 axb5 20.Nf3 b4 21.Nb5 Bxb5 22.Qxb5 Ncxe4 23.Bxe4 Rxe4 24.Rxe4 Nxe4
25.Qxb4 Nxf2 26.Qb5 Qc2 27.Bf4 Qf5 28.Bxd6 Nxh3 29.Re1 h6 30.Re8+ Rxe8 31.Qxe8+ Kh7
32.Be5 Ng5 33.Nxg5+ hxg5 34.Bxg7 Kxg7 35.Qc6 Qe5+ 36.Kg1 Qe1+ 37.Kh2 Qh4+ 38.Kg1 Qe1+
39.Kh2 Qh4+ 40.Kg1 Qe1+

[Event "2. Bundesliga West 2013/14"]
[Site "Salzburg"]
[Date "2014.01.18"]
[Round "7"]
[Board "4"]
[White "Blaas, Hansjoerg"]
[Black "Atlas, Dmitry"]
[Result "*"]
[WhiteElo "2261"]
[BlackElo "2177"]
[PlyCount "64"]
[EventDate "2013.10.18"]
[EventType "team"]
[EventRounds "11"]
[EventCountry "AUT"]
[WhiteTeam "Schwaz"]
[BlackTeam "Hohenems II"]

1.e4 e6 2.d4 d5 3.e5 c5 4.c3 Ne7 5.Na3 Nec6 6.Nc2 Nd7 7.f4 Be7 8.Nf3 O-O 9.Bd3 f5
10.exf6 Nxf6 11.O-O c4 12.Be2 b5 13.Ne5 Qb6 14.Bf3 a5 15.Ne3 Bb7 16.g4 Nxe5 17.fxe5
Nd7 18.Qe1 Rf7 19.h4 Raf8 20.Bg2 Rxf1+ 21.Nxf1 Rf7 22.g5 b4 23.Bd2 a4 24.a3 bxa3 25.bxa3
Nf8 26.Rb1 Qc7 27.Qc1 Bc6 28.Qb2 Bd8 29.Be1 Ng6 30.h5 Nh4 31.Qb8 Qxb8 32.Rxb8 Rf8

[Event "2. Bundesliga West 2013/14"]
[Site "Salzburg"]
[Date "2014.01.18"]
[Round "7"]
[Board "5"]
[White "Sandholzer, Robert"]
[Black "Gruber, Michael"]
[Result "*"]
[WhiteElo "2192"]
[BlackElo "2205"]
[PlyCount "59"]
[EventDate "2013.10.18"]
[EventType "team"]
[EventRounds "11"]
[EventCountry "AUT"]
[WhiteTeam "Hohenems II"]
[BlackTeam "Schwaz"]

1.e4 e5 2.Nf3 Nc6 3.d4 exd4 4.Nxd4 Nf6 5.Nc3 Bb4 6.Nxc6 bxc6 7.Bd3 d5 8.exd5 cxd5
9.O-O O-O 10.h3 h6 11.Qf3 Re8 12.Bf4 c6 13.Ne2 Ne4 14.c3 Bd6 15.Bxd6 Qxd6 16.Rad1
Nc5 17.Bc2 Ba6 18.Rfe1 Bxe2 19.Rxe2 Re6 20.Rde1 Rae8 21.g3 Nd7 22.Qf5 Nf6 23.Kf1 Ne4
24.Bxe4 dxe4 25.Kg2 Qd3 26.Re3 Qd5 27.Qxd5 cxd5 28.Rd1 Rb6 29.Rxd5 Rxb2 30.Ra5

[Event "2. Bundesliga West 2013/14"]
[Site "Salzburg"]
[Date "2014.01.18"]
[Round "7"]
[Board "6"]
[White "Kondrak, Christof"]
[Black "Kuntner, Reinhard"]
[Result "*"]
[WhiteElo "2165"]
[BlackElo "1943"]
[PlyCount "127"]
[EventDate "2013.10.18"]
[EventType "team"]
[EventRounds "11"]
[EventCountry "AUT"]
[WhiteTeam "Schwaz"]
[BlackTeam "Hohenems II"]

1.d4 d5 2.c4 c6 3.Nf3 Nf6 4.Nc3 e6 5.Bg5 Be7 6.e3 O-O 7.Bd3 Nbd7 8.O-O dxc4 9.Bxc4
b5 10.Bd3 Bb7 11.Qe2 a6 12.Rfd1 Qb6 13.e4 b4 14.Na4 Qa5 15.Bc2 Rfe8 16.e5 Nd5 17.Bxe7
Rxe7 18.Ng5 f5 19.g4 g6 20.gxf5 exf5 21.Bb3 h6 22.Nh3 Kh7 23.Qd2 Nf8 24.Nc5 Qb6 25.Bxd5
cxd5 26.Nf4 Rd8 27.a3 bxa3 28.bxa3 Bc8 29.Rab1 Qc6 30.Rdc1 Qe8 31.Rb6 g5 32.Ng2 Nd7
33.Nxd7 Rdxd7 34.Rcc6 Rg7 35.Qc2 Rd8 36.Rxh6+ Kg8 37.Ne3 f4 38.Nf5 Bxf5 39.Qxf5 Qe7
40.Rhg6 Rf8 41.Rxg7+ Qxg7 42.Qe6+ Kh8 43.Qh6+ Qxh6 44.Rxh6+ Kg7 45.Rd6 f3 46.h3 Rh8
47.Rxd5 Rxh3 48.e6 Kf6 49.Re5 Rh7 50.Re3 g4 51.e7 Rxe7 52.Rxe7 Kxe7 53.Kh2 Ke6 54.Kg3
Kd5 55.Kxg4 Kxd4 56.Kxf3 a5 57.Kg4 a4 58.f4 Kc3 59.f5 Kb3 60.f6 Kxa3 61.f7 Kb3 62.f8=Q
a3 63.Qf2 a2 64.Qd4

[Event "2. Bundesliga West 2013/14"]
[Site "Salzburg"]
[Date "2014.01.18"]
[Round "7"]
[Board "1"]
[White "Serafimov, Tervel"]
[Black "Burschowsky, Matthias"]
[Result "*"]
[WhiteElo "2425"]
[BlackElo "2186"]
[PlyCount "77"]
[EventDate "2013.10.18"]
[EventType "team"]
[EventRounds "11"]
[EventCountry "AUT"]
[WhiteTeam "Bregenz"]
[BlackTeam "Pradl"]

1.Nf3 Nf6 2.g3 g6 3.Bg2 Bg7 4.d4 c5 5.c4 O-O 6.O-O cxd4 7.Nxd4 Nc6 8.Nc2 d6 9.Nc3
Be6 10.Nd5 Bxd5 11.cxd5 Ne5 12.Bd2 Qb6 13.Bc3 a5 14.a4 Nc4 15.Bd4 Qb3 16.Bh3 b5 17.Na3
Qxd1 18.Rfxd1 Nxa3 19.Rxa3 bxa4 20.Rxa4 Rfb8 21.Bc3 Ne8 22.Bd7 Bxc3 23.bxc3 Rb2 24.Bc6
Rab8 25.Kf1 Rc2 26.Rd3 Nf6 27.Re3 Kf8 28.Rxa5 Ng4 29.Re4 Ne5 30.Rb4 Nxc6 31.dxc6 Rxb4
32.cxb4 Rxc6 33.Ra1 Ke8 34.Ke1 Rc2 35.Ra7 Rb2 36.Rb7 g5 37.f3 Kf8 38.Kf2 Rb3 39.Rb8+

[Event "2. Bundesliga West 2013/14"]
[Site "Salzburg"]
[Date "2014.01.18"]
[Round "7"]
[Board "2"]
[White "Meier, Alexander"]
[Black "Graf, Felix"]
[Result "0-1"]
[WhiteElo "2165"]
[BlackElo "2482"]
[PlyCount "46"]
[EventDate "2013.10.18"]
[EventType "team"]
[EventRounds "11"]
[EventCountry "AUT"]
[WhiteTeam "Pradl"]
[BlackTeam "Bregenz"]

1.e4 e6 2.d4 d5 3.Nc3 Nf6 4.exd5 exd5 5.Bd3 c5 6.dxc5 Bxc5 7.Bg5 O-O 8.Qf3 Bg4 9.Qg3
Nbd7 10.Nge2 Re8 11.f3 Be6 12.Bd2 a6 13.a3 b5 14.O-O-O b4 15.axb4 Bxb4 16.Nd4 Qb6
17.Qh4 Rab8 18.Nb3 d4 19.Qxd4 Nc5 20.Nxc5 Bxc5 21.Na4 Bxd4 22.Nxb6 Bxb6 23.Bg5 a5 0-1

[Event "2. Bundesliga West 2013/14"]
[Site "Salzburg"]
[Date "2014.01.18"]
[Round "7"]
[Board "3"]
[White "Weindl, Alfred"]
[Black "Lins, Philipp"]
[Result "*"]
[WhiteElo "2344"]
[BlackElo "2067"]
[PlyCount "97"]
[EventDate "2013.10.18"]
[EventType "team"]
[EventRounds "11"]
[EventCountry "AUT"]
[WhiteTeam "Bregenz"]
[BlackTeam "Pradl"]

1.Nf3 d6 2.g3 g6 3.Bg2 Bg7 4.O-O Nf6 5.c4 O-O 6.Nc3 c5 7.d4 cxd4 8.Nxd4 Nbd7 9.b3
Nc5 10.Bb2 Rb8 11.Rc1 a6 12.b4 Ne6 13.Nd5 Nxd5 14.Nxe6 Bxe6 15.Bxg7 Kxg7 16.cxd5 Bd7
17.Qd4+ Kg8 18.Rc3 Rc8 19.Rfc1 Rxc3 20.Rxc3 Qb8 21.h4 h5 22.Kh2 Rc8 23.Re3 Re8 24.Bf3
e5 25.dxe6 Bxe6 26.a3 Qc7 27.Rc3 Qd7 28.Qb6 Re7 29.Rd3 d5 30.e4 Qc6 31.Qxc6 bxc6 32.exd5
cxd5 33.Bxd5 Bxd5 34.Rxd5 Re6 35.Kg2 Kg7 36.Kf3 Kh6 37.Rd4 f6 38.a4 g5 39.b5 axb5
40.axb5 Kg6 41.Rb4 Rb6 42.Ke4 gxh4 43.gxh4 Kf7 44.Kd5 Ke7 45.Kc5 Rb8 46.b6 Kd7 47.b7
Kc7 48.f4 Kd7 49.Kb6

[Event "2. Bundesliga West 2013/14"]
[Site "Salzburg"]
[Date "2014.01.18"]
[Round "7"]
[Board "4"]
[White "Praxmarer, Christian"]
[Black "Matt, Fabian"]
[Result "*"]
[WhiteElo "1989"]
[BlackElo "2191"]
[PlyCount "77"]
[EventDate "2013.10.18"]
[EventType "team"]
[EventRounds "11"]
[EventCountry "AUT"]
[WhiteTeam "Pradl"]
[BlackTeam "Bregenz"]

1.f4 d5 2.Nf3 g6 3.g3 Bg7 4.Bg2 Nf6 5.O-O O-O 6.d3 c6 7.h3 Qb6+ 8.Kh2 Nbd7 9.Nc3 Nc5
10.Qe1 Nfd7 11.e4 dxe4 12.dxe4 e5 13.f5 Re8 14.g4 Qc7 15.Ng5 Nf6 16.b4 Ncd7 17.Nf3
Nf8 18.Kh1 a5 19.g5 Nh5 20.f6 Bh8 21.b5 Ne6 22.bxc6 bxc6 23.Ne2 Ba6 24.Rf2 Rab8 25.Bd2
a4 26.Kh2 h6 27.h4 hxg5 28.hxg5 Bxf6 29.gxf6 Nxf6 30.Bh3 Nxe4 31.Bxe6 Nxf2 32.Qxf2
Bxe2 33.Ng5 Rxe6 34.Nxe6 Qe7 35.Ng5 Bh5 36.Ne4 f5 37.Bg5 Qe6 38.Nf6+ Kf7 39.Qa7+

[Event "2. Bundesliga West 2013/14"]
[Site "Salzburg"]
[Date "2014.01.18"]
[Round "7"]
[Board "5"]
[White "Poettinger, Harald"]
[Black "Nedelchev, Nikolay"]
[Result "*"]
[WhiteElo "2224"]
[BlackElo "2045"]
[PlyCount "91"]
[EventDate "2013.10.18"]
[EventType "team"]
[EventRounds "11"]
[EventCountry "AUT"]
[WhiteTeam "Bregenz"]
[BlackTeam "Pradl"]

1.c4 c5 2.g3 Nf6 3.Bg2 Nc6 4.Nf3 d5 5.cxd5 Nxd5 6.Nc3 Nc7 7.O-O e5 8.a3 Be7 9.b4 cxb4
10.axb4 Bxb4 11.Nxe5 Nxe5 12.Qa4+ Nc6 13.Bxc6+ bxc6 14.Qxb4 Ne6 15.Ne4 Qd4 16.Ba3
Qxb4 17.Bxb4 f6 18.Ra4 Nd4 19.e3 Nb5 20.Rfa1 Kf7 21.d4 Rd8 22.f3 Rd5 23.Bc5 Rd7 24.Rc1
f5 25.Nf2 Rb7 26.Nd3 Bd7 27.Rca1 g5 28.Ra6 Ke6 29.Nb4 Nc7 30.Rxa7 Raxa7 31.Rxa7 Rxa7
32.Bxa7 Nd5 33.Nc2 Nc3 34.Kf2 h5 35.Nb4 Be8 36.Na6 Bf7 37.Bb8 Nd1+ 38.Ke2 Nc3+ 39.Kd3
Nd1 40.Nc5+ Ke7 41.Be5 Nb2+ 42.Kd2 Nc4+ 43.Ke2 g4 44.Nd3 Bd5 45.fxg4 hxg4 46.Bf4

[Event "2. Bundesliga West 2013/14"]
[Site "Salzburg"]
[Date "2014.01.18"]
[Round "7"]
[Board "6"]
[White "Riha, Alexander"]
[Black "Mira, Helene"]
[Result "*"]
[WhiteElo "2037"]
[BlackElo "2066"]
[PlyCount "93"]
[EventDate "2013.10.18"]
[EventType "team"]
[EventRounds "11"]
[EventCountry "AUT"]
[WhiteTeam "Pradl"]
[BlackTeam "Bregenz"]

1.d4 d5 2.c4 c6 3.cxd5 cxd5 4.Bf4 Nf6 5.e3 e6 6.Nc3 Bd6 7.Bxd6 Qxd6 8.Rc1 Nc6 9.Bd3
O-O 10.Nf3 a6 11.O-O b5 12.h3 Bb7 13.Bb1 Rac8 14.Qd3 e5 15.dxe5 Nxe5 16.Nxe5 Qxe5
17.Rfd1 Rfe8 18.Qd4 Qxd4 19.Rxd4 Rc4 20.Bd3 Rxd4 21.exd4 Kf8 22.Kf1 Rc8 23.Ne2 Ne4
24.Rxc8+ Bxc8 25.Nc3 Nf6 26.a3 h5 27.h4 Ke7 28.Ke2 Ke6 29.f3 g6 30.Ke3 Kd6 31.Kf4
Be6 32.b4 Ke7 33.a4 bxa4 34.Nxa4 Nd7 35.Bxa6 Nf8 36.b5 f6 37.Nc5 Bf5 38.g4 hxg4 39.fxg4
Bc2 40.Bc8 Kd6 41.g5 f5 42.Be6 Bd1 43.Bxf5 gxf5 44.Kxf5 Be2 45.Kf6 Bxb5 46.h5 Bc6
47.h6

[Event "2. Bundesliga West 2013/14"]
[Site "Salzburg"]
[Date "2014.01.18"]
[Round "7"]
[Board "1"]
[White "Zimmermann, Ulrich"]
[Black "Medvegy, Zoltan"]
[Result "0-1"]
[WhiteElo "2272"]
[BlackElo "2516"]
[PlyCount "64"]
[EventDate "2013.10.18"]
[EventType "team"]
[EventRounds "11"]
[EventCountry "AUT"]
[WhiteTeam "Rochade Rum"]
[BlackTeam "Ranshofen"]

1.d4 Nf6 2.c4 e6 3.g3 Bb4+ 4.Nd2 c5 5.a3 Bxd2+ 6.Qxd2 cxd4 7.Qxd4 Nc6 8.Qd3 d5 9.Nf3
e5 10.Qc2 e4 11.Ng5 h6 12.Nh3 d4 13.Bg2 Bf5 14.Qb3 Qd7 15.Nf4 Rc8 16.Bd2 O-O 17.Nd5
Nxd5 18.cxd5 Ne5 19.O-O Rfd8 20.d6 b6 21.Bb4 a5 22.Bd2 Nc4 23.Rfd1 Be6 24.Bf4 g5 25.Rxd4
gxf4 26.Bxe4 Nd2 27.Qxb6 Nb3 28.Rad1 Rb8 29.Qc7 Nxd4 30.Rxd4 Rbc8 31.Qxd7 Rxd7 32.gxf4
f5 0-1

[Event "2. Bundesliga West 2013/14"]
[Site "Salzburg"]
[Date "2014.01.18"]
[Round "7"]
[Board "2"]
[White "Konnyu, Janos"]
[Black "Pogan, Nikolas"]
[Result "*"]
[WhiteElo "2314"]
[BlackElo "2293"]
[PlyCount "141"]
[EventDate "2013.10.18"]
[EventType "team"]
[EventRounds "11"]
[EventCountry "AUT"]
[WhiteTeam "Ranshofen"]
[BlackTeam "Rochade Rum"]

1.e4 d6 2.d4 Nf6 3.Nc3 e5 4.Nf3 Nbd7 5.Be2 Be7 6.g4 h6 7.Rg1 c6 8.h4 g6 9.g5 hxg5
10.hxg5 Nh5 11.Be3 a6 12.Qd2 b5 13.a4 b4 14.Nd1 a5 15.b3 Ng7 16.Nb2 Ne6 17.O-O-O Qc7
18.Rh1 Rg8 19.Nc4 c5 20.dxe5 dxe5 21.Qd5 Bb7 22.Qxd7+ Qxd7 23.Rxd7 Kxd7 24.Nb6+ Kd6
25.Nxa8 Bxa8 26.Nd2 Bxg5 27.Nc4+ Ke7 28.Bxg5+ Nxg5 29.f3 Kf6 30.Nxa5 Ne6 31.Nc4 Nd4
32.Bd1 Bb7 33.Rh7 Rf8 34.Kd2 Rd8 35.Ke1 Ne6 36.Ne3 Ng5 37.Rh2 Kg7 38.Rd2 Rh8 39.Rd7
Ba6 40.Ng4 Rh1+ 41.Kd2 Bc8 42.Nxe5 Bxd7 43.Nxd7 Ne6 44.Be2 Rh8 45.Ke3 Rd8 46.Nb6 Nd4
47.Bd3 Nc6 48.Bb5 Na7 49.Nd5 f5 50.Bd3 Nc6 51.Nc7 Nd4 52.a5 Rc8 53.Nd5 fxe4 54.fxe4
Nc6 55.a6 Rf8 56.Nc7 Kf6 57.Bb5 Na7 58.Bc4 Rc8 59.Nd5+ Ke5 60.Ne7 Rd8 61.Nxg6+ Kf6
62.Nf4 Ke5 63.Nd3+ Kd6 64.e5+ Kc6 65.Ke4 Rh8 66.Nf4 Rh2 67.Bd3 Nc8 68.Kf5 Rf2 69.Ke4
Ne7 70.e6 Kb6 71.Nd5+

[Event "2. Bundesliga West 2013/14"]
[Site "Salzburg"]
[Date "2014.01.18"]
[Round "7"]
[Board "3"]
[White "Heinzel, Olaf"]
[Black "Dovzik, Juri"]
[Result "*"]
[WhiteElo "2366"]
[BlackElo "2335"]
[PlyCount "63"]
[EventDate "2013.10.18"]
[EventType "team"]
[EventRounds "11"]
[EventCountry "AUT"]
[WhiteTeam "Rochade Rum"]
[BlackTeam "Ranshofen"]

1.d4 Nf6 2.Bf4 g6 3.e3 Bg7 4.Be2 d6 5.Nd2 c5 6.c3 Nc6 7.h3 O-O 8.Ngf3 cxd4 9.cxd4
e5 10.dxe5 dxe5 11.Bg5 Qc7 12.O-O h6 13.Bh4 Rd8 14.Qc1 g5 15.Bg3 Nh5 16.Bh2 Nf4 17.Bxf4
gxf4 18.Re1 f5 19.Bc4+ Kh7 20.Qc2 Rf8 21.Nb3 e4 22.Nfd4 Nxd4 23.exd4 Be6 24.Bd3 Qf7
25.Bf1 Qg6 26.Qc7 f3 27.Qxb7 Rad8 28.Qc6 Qf6 29.Qc7 Rd7 30.Qf4 fxg2 31.Bxg2 Bh8 32.Kh1

[Event "2. Bundesliga West 2013/14"]
[Site "Salzburg"]
[Date "2014.01.18"]
[Round "7"]
[Board "4"]
[White "Ager, Josef"]
[Black "Hoellrigl, Wilfried"]
[Result "0-1"]
[WhiteElo "2167"]
[BlackElo "2183"]
[PlyCount "88"]
[EventDate "2013.10.18"]
[EventType "team"]
[EventRounds "11"]
[EventCountry "AUT"]
[WhiteTeam "Ranshofen"]
[BlackTeam "Rochade Rum"]

1.Nf3 Nf6 2.b3 d5 3.Bb2 Bf5 4.g3 c5 5.Bg2 Nc6 6.O-O Qd7 7.Re1 O-O-O 8.d4 h5 9.Nc3
h4 10.Ne5 Qe6 11.Nxc6 bxc6 12.e4 dxe4 13.Qe2 hxg3 14.hxg3 cxd4 15.Qa6+ Kb8 16.Na4
Qd6 17.b4 Bc8 18.Qa5 Qc7 19.Qxc7+ Kxc7 20.Bxe4 e5 21.Bg2 Bd6 22.c4 Rhe8 23.b5 c5 24.Ba3
Nd7 25.Bc6 Bb7 26.Bxb7 Kxb7 27.Rad1 Re6 28.Bc1 e4 29.Nb2 Rde8 30.Kg2 f5 31.a4 d3 32.a5
Be5 33.Na4 Bd4 34.Ba3 f4 35.Rh1 f3+ 36.Kf1 Kc7 37.Bc1 Kd6 38.Bf4+ Ke7 39.Rh5 Kf7 40.Be3
Nf6 41.Bxd4 cxd4 42.Rh1 Ng4 43.Rd2 Ne3+ 44.Ke1 Nxc4 0-1

[Event "2. Bundesliga West 2013/14"]
[Site "Salzburg"]
[Date "2014.01.18"]
[Round "7"]
[Board "5"]
[White "Jedinger, Andreas"]
[Black "Knechtel, Roland"]
[Result "*"]
[WhiteElo "2169"]
[BlackElo "2205"]
[PlyCount "39"]
[EventDate "2013.10.18"]
[EventType "team"]
[EventRounds "11"]
[EventCountry "AUT"]
[WhiteTeam "Rochade Rum"]
[BlackTeam "Ranshofen"]

1.e4 c5 2.Nf3 d6 3.d4 cxd4 4.Nxd4 Nf6 5.Nc3 a6 6.Bg5 Nbd7 7.Bc4 Qa5 8.Qd2 e6 9.O-O-O
b5 10.Bxe6 fxe6 11.Nxe6 Kf7 12.Bxf6 Nxf6 13.Nxf8 Rxf8 14.Qxd6 Be6 15.e5 b4 16.exf6
gxf6 17.Nd5 Qxa2 18.Qe7+ Kg6 19.Nf4+ Kh6 20.Nxe6

[Event "2. Bundesliga West 2013/14"]
[Site "Salzburg"]
[Date "2014.01.18"]
[Round "7"]
[Board "6"]
[White "Kuecher, Wolfgang"]
[Black "Moroder, Stefan"]
[Result "*"]
[WhiteElo "2079"]
[BlackElo "2137"]
[PlyCount "67"]
[EventDate "2013.10.18"]
[EventType "team"]
[EventRounds "11"]
[EventCountry "AUT"]
[WhiteTeam "Ranshofen"]
[BlackTeam "Rochade Rum"]

1.d4 d5 2.c4 c6 3.Nc3 dxc4 4.a4 e5 5.dxe5 Qxd1+ 6.Kxd1 Be6 7.e4 Na6 8.Be3 O-O-O+ 9.Kc2
Nb4+ 10.Kc1 Kb8 11.Nf3 Nd3+ 12.Bxd3 cxd3 13.Nd4 Bc4 14.Kd2 g6 15.f4 h5 16.b3 c5 17.Ndb5
Bxb3 18.Nd6 b6 19.Rhb1 Bxd6 20.exd6 c4 21.Bd4 f6 22.e5 Nh6 23.e6 Ng4 24.Ne4 Rhe8 25.e7
Rd7 26.Nxf6 Nxf6 27.Bxf6 Kb7 28.Be5 Kc6 29.Re1 a6 30.Re4 Kd5 31.Rd4+ Kc5 32.Rc1 Bc2
33.Rf1 Bxa4 34.h3

[Event "2. Bundesliga West 2013/14"]
[Site "Salzburg"]
[Date "2014.01.18"]
[Round "7"]
[Board "1"]
[White "Sergeev, Vladimir"]
[Black "Arnaudov, Petar"]
[Result "*"]
[WhiteElo "2421"]
[BlackElo "2451"]
[PlyCount "32"]
[EventDate "2013.10.18"]
[EventType "team"]
[EventRounds "11"]
[EventCountry "AUT"]
[WhiteTeam "Dornbirn"]
[BlackTeam "SIR Bernhard 2"]

1.g3 d5 2.Bg2 e5 3.d3 Nf6 4.Nf3 Nc6 5.O-O Be6 6.a3 a5 7.b3 Bd6 8.e3 O-O 9.Bb2 Nd7
10.Nbd2 f5 11.c4 dxc4 12.Nxc4 Qf6 13.d4 exd4 14.Nxd4 Nxd4 15.Qxd4 c6 16.Rac1 Qe7

[Event "2. Bundesliga West 2013/14"]
[Site "Salzburg"]
[Date "2014.01.18"]
[Round "7"]
[Board "2"]
[White "Pitl, Gregory"]
[Black "Mittelberger, Peter"]
[Result "*"]
[WhiteElo "2397"]
[BlackElo "2264"]
[PlyCount "59"]
[EventDate "2013.10.18"]
[EventType "team"]
[EventRounds "11"]
[EventCountry "AUT"]
[WhiteTeam "SIR Bernhard 2"]
[BlackTeam "Dornbirn"]

1.e4 d6 2.d4 g6 3.Nc3 Bg7 4.f4 Nf6 5.Nf3 O-O 6.Bd3 Na6 7.O-O c5 8.d5 Rb8 9.h3 Nc7
10.a4 a6 11.a5 b5 12.axb6 Rxb6 13.Qe1 Bd7 14.Qh4 Bb5 15.Nxb5 axb5 16.c3 c4 17.Bc2
Ra6 18.Be3 Qa8 19.Rae1 Ra2 20.Bc1 b4 21.e5 Nfxd5 22.f5 bxc3 23.fxg6 fxg6 24.Bxg6 hxg6
25.Ng5 Rxf1+ 26.Rxf1 Nf6 27.exf6 exf6 28.Qh7+ Kf8 29.Rxf6+ Ke8 30.Qxg7

[Event "2. Bundesliga West 2013/14"]
[Site "Salzburg"]
[Date "2014.01.18"]
[Round "7"]
[Board "3"]
[White "Leutwyler, Martin"]
[Black "Huch, Reiner"]
[Result "*"]
[WhiteElo "2159"]
[BlackElo "2334"]
[PlyCount "90"]
[EventDate "2013.10.18"]
[EventType "team"]
[EventRounds "11"]
[EventCountry "AUT"]
[WhiteTeam "Dornbirn"]
[BlackTeam "SIR Bernhard 2"]

1.d4 d5 2.Nf3 Nf6 3.c4 dxc4 4.e3 Bg4 5.Bxc4 e6 6.h3 Bh5 7.Nc3 a6 8.O-O Nc6 9.Re1 Bd6
10.g4 Bg6 11.e4 e5 12.dxe5 Nxe5 13.Nxe5 Bxe5 14.f4 Bd4+ 15.Kh2 h5 16.g5 Bxc3 17.bxc3
Qxd1 18.Rxd1 Nxe4 19.Ba3 c5 20.Bd5 O-O-O 21.Bxe4 Bxe4 22.Bxc5 Rhe8 23.Rxd8+ Rxd8 24.Bd4
g6 25.Re1 Bd5 26.a3 Be6 27.Re5 Rd6 28.a4 Kd7 29.h4 Rc6 30.a5 Kd6 31.Kg3 Rc4 32.Kf2
Ra4 33.Bc5+ Kc6 34.Bb4 Ra2+ 35.Re2 Ra1 36.Re1 Rxe1 37.Kxe1 b6 38.axb6 Kxb6 39.c4 Bxc4
40.Kd1 Kc6 41.Be1 Kd5 42.Kc2 Ke4 43.Kc3 Be6 44.Kb2 Kxf4 45.Ka1 Kf3

[Event "2. Bundesliga West 2013/14"]
[Site "Salzburg"]
[Date "2014.01.18"]
[Round "7"]
[Board "4"]
[White "Wieneroiter, Gerald"]
[Black "Novkovic, Julia"]
[Result "*"]
[WhiteElo "2156"]
[BlackElo "2110"]
[PlyCount "82"]
[EventDate "2013.10.18"]
[EventType "team"]
[EventRounds "11"]
[EventCountry "AUT"]
[WhiteTeam "SIR Bernhard 2"]
[BlackTeam "Dornbirn"]

1.Nf3 g6 2.c4 Bg7 3.Nc3 d6 4.g3 e5 5.Bg2 Nc6 6.d3 h6 7.Rb1 f5 8.O-O Be6 9.Qc2 Qd7
10.b4 Nd8 11.b5 Ne7 12.Nd2 g5 13.Nd5 c5 14.bxc6 bxc6 15.Nxe7 Qxe7 16.Qa4 Rc8 17.Nb3
O-O 18.Bd2 Qd7 19.Ba5 Nf7 20.Bc3 Nd8 21.f4 exf4 22.Bxg7 Qxg7 23.gxf4 Rc7 24.Kh1 g4
25.Na5 c5 26.Rb8 h5 27.Rfb1 h4 28.h3 Qh6 29.e3 Rg7 30.Nc6 gxh3 31.Bf3 Nxc6 32.Rxf8+
Kxf8 33.Qxc6 Kg8 34.Qxd6 Kh7 35.Rb7 h2 36.Kxh2 Qg6 37.Rxg7+ Qxg7 38.Qxe6 Qg3+ 39.Kh1
Qxf3+ 40.Kh2 Qf2+ 41.Kh1 Qf1+

[Event "2. Bundesliga West 2013/14"]
[Site "Salzburg"]
[Date "2014.01.18"]
[Round "7"]
[Board "5"]
[White "Scheffknecht, Philipp"]
[Black "Huber, Wolfgang"]
[Result "*"]
[WhiteElo "2124"]
[BlackElo "2046"]
[PlyCount "68"]
[EventDate "2013.10.18"]
[EventType "team"]
[EventRounds "11"]
[EventCountry "AUT"]
[WhiteTeam "Dornbirn"]
[BlackTeam "SIR Bernhard 2"]

1.Nf3 Nf6 2.c4 b6 3.d4 e6 4.g3 Bb7 5.Bg2 Be7 6.Nc3 Ne4 7.Qd3 Nxc3 8.Qxc3 O-O 9.O-O
d6 10.Qd3 d5 11.b3 Na6 12.Bf4 Rc8 13.Rad1 Bf6 14.Qb1 Qe7 15.cxd5 exd5 16.e3 c5 17.Be5
Bxe5 18.Nxe5 c4 19.bxc4 dxc4 20.Bxb7 Qxb7 21.Qb5 c3 22.Rd3 c2 23.Rc1 Rc7 24.d5 Rc5
25.Qb3 Qe7 26.Nc6 Rxc6 27.dxc6 Nc5 28.Qd5 Nxd3 29.Qxd3 Rd8 30.Qxc2 g6 31.c7 Rc8 32.Qc6
Qa3 33.Rc2 Qa6 34.Rd2 Qa5

[Event "2. Bundesliga West 2013/14"]
[Site "Salzburg"]
[Date "2014.01.18"]
[Round "7"]
[Board "6"]
[White "Autengruber, Daniel"]
[Black "Gsteu, Peter"]
[Result "*"]
[WhiteElo "2032"]
[BlackElo "2146"]
[PlyCount "61"]
[EventDate "2013.10.18"]
[EventType "team"]
[EventRounds "11"]
[EventCountry "AUT"]
[WhiteTeam "SIR Bernhard 2"]
[BlackTeam "Dornbirn"]

1.b3 d5 2.Bb2 e6 3.e3 Nf6 4.f4 c5 5.Nf3 Bd6 6.Be2 O-O 7.O-O Nbd7 8.Qe1 b6 9.Ne5 Qc7
10.Na3 a6 11.d4 Bb7 12.c4 Ne4 13.Qh4 Qd8 14.Qh3 cxd4 15.exd4 Ndf6 16.Nc2 Qe7 17.Ne3
Rad8 18.Rad1 Nd7 19.cxd5 exd5 20.Bg4 Ndf6 21.Nf5 Qc7 22.Rc1 Qb8 23.Bf3 g6 24.Nh6+
Kg7 25.g4 Nd2 26.g5 Nxf3+ 27.Rxf3 Nh5 28.Nf5+ Kh8 29.Ng3 Nxg3 30.Qxg3 f6 31.gxf6

[Event "2. Bundesliga West 2013/14"]
[Site "Salzburg"]
[Date "2014.01.19"]
[Round "8"]
[Board "1"]
[White "Sergeev, Vladimir"]
[Black "Zelbel, Patrick"]
[Result "*"]
[WhiteElo "2421"]
[BlackElo "2395"]
[PlyCount "108"]
[EventDate "2013.10.18"]
[EventType "team"]
[EventRounds "11"]
[EventCountry "AUT"]
[WhiteTeam "Dornbirn"]
[BlackTeam "Kufstein / Woergl"]

1.d4 Nf6 2.Nf3 e6 3.c3 b6 4.Bf4 Bb7 5.h3 Be7 6.e3 O-O 7.Bd3 c5 8.O-O d5 9.Nbd2 Bd6
10.Qe2 Nc6 11.Rfd1 Re8 12.Bxd6 Qxd6 13.e4 Qf4 14.e5 Nd7 15.Nf1 f6 16.exf6 Nxf6 17.Bb5
Ne4 18.Ne5 Rac8 19.f3 Nd6 20.Bxc6 Bxc6 21.Qe3 Qf8 22.Ng3 Bb5 23.Re1 Nc4 24.Nxc4 dxc4
25.dxc5 Qxc5 26.Qxc5 Rxc5 27.Rad1 Bc6 28.Kf2 Kf7 29.Ne4 Bxe4 30.Rxe4 Re7 31.Rd6 e5
32.Re2 h5 33.h4 Re6 34.Rd8 Re8 35.Rd1 Ke6 36.Ke3 Rf8 37.Red2 Rb5 38.g3 Kf5 39.Rg1
Ke6 40.Ke4 Rc8 41.g4 Rf8 42.gxh5 Rf4+ 43.Ke3 Rxh4 44.Rg6+ Kf5 45.Rxg7 Rxh5 46.Rf7+
Ke6 47.Rxa7 Rh1 48.a4 Rb3 49.Rc7 Rh4 50.Kf2 Rh1 51.Rc6+ Kf5 52.Rxc4 Rxb2 53.Rxb2 Rh2+
54.Ke3 Rxb2